000 00834nam0a22002651 4500
001 rc\1109450
005 20260406152108.0
035 _a(NLR Aleph) 006353902
090 _a4830596
_c4830596
100 _a20041126d1982 |||y0rusy50 ca
101 0 _arus
_akir
102 _aRU
105 _ay |||||||||
200 1 _aОрхоно-енисейские тексты
_fАН КиргССР, Ин-т яз. и лит.
210 _aФрунзе
_cИЛИМ
_d1982
215 _a240 с.
_d22
300 _aПарал. загл. на кирг. яз.
300 _aТекст на кирг. яз.
712 0 2 _aИнститут языка и литературы
_cФрунзе
_3RU\NLR\AUTH\889927582
_9350789
801 0 _aRU
_bNLR
_gpsbo
801 1 _aRU
_bELAR
_2rusmarc
852 _aNLR
_bОНЛ
942 _cBOOK
980 _aNB